[Event "Belgrade Radnicki Schev 02"]
[Site "Belgrade"]
[Date "2024.02.24"]
[Round "5.4"]
[White "Agarwal, Anay1"]
[Black "Budimir, Dragan"]
[Result "0-1"]
[WhiteElo "1490"]
[BlackElo "1825"]
[PlyCount "52"]
[EventDate "2024.02.22"]
[EventType "schev"]
[EventRounds "10"]
[EventCountry "SRB"]
[SourceTitle "CB10_2024"]
[SourceDate "2024.03.06"]
[SourceVersion "1"]
[SourceVersionDate "2024.03.06"]
[SourceQuality "1"]
[WhiteTeam "Team A"]
[BlackTeam "Team B"]
[WhiteTeamCountry "SRB"]
[BlackTeamCountry "SRB"]

1. e4 d6 2. d4 Nf6 3. Nc3 g6 4. Nf3 Bg7 5. Bc4 0-0 6. 0-0 Nxe4 7. Nxe4 d5 8. Bxd5 Qxd5 9. Nc3 Qd8 10. h3 b6 11. Be3 Bb7 12. Re1 Nd7 13. Qe2 Nf6 14. Rad1 e6 15. a3 a6 16. b3 Qd6 17. b4 Rfd8 18. Rd2 h6 19. h4 Ng4 20. g3 Qc6 21. d5 Qxc3 22. Bd4 Bxd4 23. Nxd4 Nf6 24. Rd3 Qc4 25. dxe6 Rxd4 26. Qe5 Qd5 0-1

[Event "Belgrade Radnicki Scheveningen"]
[Site "Belgrade"]
[Date "2022.01.11"]
[Round "10.1"]
[White "Budimir, Dragan"]
[Black "Darmaeva, Nomina"]
[Result "1/2-1/2"]
[WhiteElo "2098"]
[BlackElo "1773"]
[PlyCount "62"]
[EventDate "2022.01.02"]
[EventType "schev"]
[EventRounds "10"]
[EventCountry "SRB"]
[SourceTitle "CBM 206 Extra"]
[Source "ChessBase"]
[SourceDate "2022.03.31"]
[SourceVersion "1"]
[SourceVersionDate "2022.03.31"]
[SourceQuality "1"]
[WhiteTeam "Team B"]
[BlackTeam "Team A"]
[WhiteTeamCountry "SRB"]
[BlackTeamCountry "SRB"]

1. e4 e5 2. Nf3 Nc6 3. d4 exd4 4. Nxd4 Bc5 5. Be3 Qf6 6. c3 Nge7 7. Nc2 d6 8. g3 Qg6 9. Bg2 f5 10. Bxc5 dxc5 11. 0-0 0-0 12. f4 fxe4 13. Nd2 Bg4 14. Qe1 Qh5 15. Nxe4 c4 16. Rf2 Nf5 17. Qf1 Nh6 18. Qxc4+ Kh8 19. Ne3 Rfe8 20. Nxg4 Nxg4 21. Bf3 Nce5 22. Bxg4 Nxg4 23. Re2 h6 24. Rae1 b5 25. Qd3 Rad8 26. Qf3 Rd7 27. h4 Qf5 28. Nf2 Nxf2 29. Qxf2 Rd3 30. Re3 Red8 31. Rxd3 Rxd3 1/2-1/2

[Event "Belgrade Radnicki Scheveningen"]
[Site "Belgrade"]
[Date "2022.01.10"]
[Round "9.2"]
[White "Komissarova, Soigina"]
[Black "Budimir, Dragan"]
[Result "1-0"]
[WhiteElo "1751"]
[BlackElo "2098"]
[PlyCount "115"]
[EventDate "2022.01.02"]
[EventType "schev"]
[EventRounds "10"]
[EventCountry "SRB"]
[SourceTitle "CBM 206 Extra"]
[Source "ChessBase"]
[SourceDate "2022.03.31"]
[SourceVersion "1"]
[SourceVersionDate "2022.03.31"]
[SourceQuality "1"]
[WhiteTeam "Team A"]
[BlackTeam "Team B"]
[WhiteTeamCountry "SRB"]
[BlackTeamCountry "SRB"]

1. e4 e6 2. d4 d5 3. Nc3 Nf6 4. Bg5 dxe4 5. Bxf6 Qxf6 6. Nxe4 Qd8 7. Nf3 Be7 8. Qd2 0-0 9. Bd3 b6 10. 0-0-0 Bb7 11. h4 Nd7 12. Neg5 h6 13. Qf4 Nf6 14. Kb1 Bd6 15. Ne5 Qe7 16. f3 Rac8 17. g4 c5 18. c3 cxd4 19. cxd4 Bxe5 20. Qxe5 Rfd8 21. Ne4 Nxe4 22. Bxe4 Bxe4+ 23. Qxe4 Qd6 24. g5 Qd5 25. Qg4 Qf5+ 26. Qxf5 exf5 27. gxh6 gxh6 28. Rhe1 Rd5 29. Re5 Rxe5 30. dxe5 f4 31. Rd7 Rc5 32. Rxa7 Rxe5 33. Ra4 Rf5 34. Rb4 b5 35. Kc2 Kg7 36. Kd3 Kg6 37. Ke4 Rh5 38. Rb3 Kf6 39. Rc3 Ke6 40. Rc6+ Ke7 41. a3 Rxh4 42. b4 Rh1 43. Kxf4 Ra1 44. Rxh6 Rxa3 45. Rb6 Rb3 46. Rxb5 Kf6 47. Rb6+ Kg7 48. b5 Rb4+ 49. Kf5 Rc4 50. Rc6 Rb4 51. b6 Rb5+ 52. Ke4 Rb4+ 53. Kd5 Rb3 54. Kc5 f6 55. Rd6 Rc3+ 56. Kb4 Rc1 57. Rd3 Rc8 58. Kb5 1-0

[Event "Belgrade Radnicki Scheveningen"]
[Site "Belgrade"]
[Date "2022.01.04"]
[Round "3.3"]
[White "Zhambalov, Bator"]
[Black "Budimir, Dragan"]
[Result "1-0"]
[WhiteElo "1773"]
[BlackElo "2098"]
[PlyCount "73"]
[EventDate "2022.01.02"]
[EventType "schev"]
[EventRounds "10"]
[EventCountry "SRB"]
[SourceTitle "CBM 206 Extra"]
[Source "ChessBase"]
[SourceDate "2022.03.31"]
[SourceVersion "1"]
[SourceVersionDate "2022.03.31"]
[SourceQuality "1"]
[WhiteTeam "Team A"]
[BlackTeam "Team B"]
[WhiteTeamCountry "SRB"]
[BlackTeamCountry "SRB"]

1. e4 d6 2. d4 Nf6 3. Nc3 g6 4. f4 Bg7 5. Nf3 0-0 6. Bd3 c5 7. d5 e6 8. dxe6 fxe6 9. Bc4 Nc6 10. 0-0 Na5 11. Qd3 Nxc4 12. Qxc4 a6 13. e5 b5 14. Qe2 Nd5 15. Ne4 dxe5 16. fxe5 Qb6 17. c4 Nf4 18. Bxf4 Rxf4 19. Qe3 Rf5 20. Rad1 Bb7 21. Rd6 Qc7 22. Rfd1 Raf8 23. Rd7 Qb8 24. Nf6+ Bxf6 25. exf6 R5xf6 26. Qh6 R6f7 27. Ng5 Rf1+ 28. Rxf1 Rxf1+ 29. Kxf1 Qf4+ 30. Ke1 Qe3+ 31. Kd1 Qg1+ 32. Kc2 Qf2+ 33. Rd2 Qf5+ 34. Kc1 Qf1+ 35. Rd1 Qf4+ 36. Kb1 Be4+ 37. Ka1 1-0

[Event "Belgrade-chT Quality"]
[Site "Belgrade"]
[Date "2018.09.24"]
[Round "7.5"]
[White "Budimir, Dragan"]
[Black "Ugrcic, Zoran"]
[Result "1-0"]
[WhiteElo "2148"]
[BlackElo "1986"]
[PlyCount "47"]
[EventDate "2018.09.17"]
[EventType "team-tourn"]
[EventRounds "11"]
[EventCountry "SRB"]
[SourceTitle "CBM 186 Extra"]
[Source "ChessBase"]
[SourceDate "2018.08.24"]
[SourceVersion "1"]
[SourceVersionDate "2018.08.24"]
[SourceQuality "1"]
[WhiteTeam "Belgrade Radnicki"]
[BlackTeam "Cukaricki"]
[WhiteTeamCountry "SRB"]
[BlackTeamCountry "SRB"]

1. e4 c5 2. c3 d5 3. exd5 Qxd5 4. d4 e6 5. Nf3 Nf6 6. Be3 cxd4 7. cxd4 Bb4+ 8. Nc3 0-0 9. Bd3 Nc6 10. 0-0 Bxc3 11. bxc3 b6 12. a4 Bb7 13. Rb1 Na5 14. Rb5 Qc6 15. Rg5 Ne4 16. Rg4 Nxc3 17. d5 Nxd5 18. Bh6 g6 19. Ne5 Qc7 20. Nxg6 hxg6 21. Bxg6 fxg6 22. Rxg6+ Kh7 23. Qh5 Rf5 24. Bg5# 1-0

[Event "Gligoric Cup 4th"]
[Site "Novi Banovci"]
[Date "2017.05.27"]
[Round "3.4"]
[White "Vujacic, Borivoje"]
[Black "Budimir, Dragan"]
[Result "1/2-1/2"]
[WhiteElo "2240"]
[BlackElo "2163"]
[PlyCount "55"]
[EventDate "2017.05.25"]
[EventType "team-swiss"]
[EventRounds "5"]
[EventCountry "SRB"]
[SourceTitle "CBM 178 Extra"]
[Source "ChessBase"]
[SourceDate "2017.06.22"]
[SourceVersion "1"]
[SourceVersionDate "2017.06.22"]
[SourceQuality "1"]
[WhiteTeam "Belgrade Crvena Zvezda"]
[BlackTeam "Belgrade Radnicki"]
[WhiteTeamCountry "SRB"]
[BlackTeamCountry "SRB"]

1. e4 e5 2. Nf3 d6 3. d4 exd4 4. Nxd4 Nf6 5. Nc3 Be7 6. Bf4 0-0 7. Qd2 Bd7 8. f3 Nc6 9. 0-0-0 Nxd4 10. Qxd4 Bc6 11. g4 Nd7 12. Qe3 Bf6 13. g5 Bxc3 14. Qxc3 Qe7 15. h4 f5 16. Bc4+ Kh8 17. exf5 Rxf5 18. Rhe1 Qf8 19. Be3 Rxf3 20. Be2 Rh3 21. Bg4 Rxh4 22. Bxd7 Bxd7 23. Qxc7 Qc8 24. Qxc8+ Rxc8 25. Rxd6 Bf5 26. c3 Re4 27. Rf1 Re5 28. Rxf5 1/2-1/2

[Event "Belgrade-ch sf"]
[Site "Belgrade"]
[Date "2017.01.26"]
[Round "4"]
[White "Budimir, Dragan"]
[Black "Radovanovic, Mihajlo"]
[Result "0-1"]
[WhiteElo "2196"]
[BlackElo "2376"]
[PlyCount "92"]
[EventDate "2017.01.23"]
[EventType "swiss"]
[EventRounds "7"]
[EventCountry "SRB"]
[SourceTitle "CBM 176 Extra"]
[Source "ChessBase"]
[SourceDate "2017.03.02"]
[SourceVersion "1"]
[SourceVersionDate "2017.03.02"]
[SourceQuality "1"]

1. Nc3 c5 2. Nf3 a6 3. a4 Nf6 4. e4 d6 5. h3 e6 6. d4 cxd4 7. Nxd4 Nc6 8. Be3 Bd7 9. Be2 Be7 10. 0-0 0-0 11. f4 Qc7 12. Qe1 Nxd4 13. Bxd4 Bc6 14. Bf3 e5 15. fxe5 dxe5 16. Qg3 Nd7 17. Kh1 Kh8 18. Nd1 Bc5 19. Bc3 Qd6 20. Nf2 f6 21. Rfd1 Qe7 22. Nd3 Bd6 23. Re1 Rfd8 24. Qh4 Kg8 25. Bg4 Nc5 26. Nxc5 Bxc5 27. a5 Bd4 28. Ra3 Bxc3 29. Rxc3 Rd4 30. Bf5 g6 31. Rg3 Kg7 32. Qg4 Qf7 33. Be6 Qe8 34. h4 Rd6 35. Bf5 Kh8 36. h5 g5 37. Rh3 Rad8 38. Qf3 Qe7 39. Qb3 Bb5 40. Qa3 Qf7 41. b3 Rd2 42. Qc5 Bd7 43. Bxd7 R8xd7 44. Rf1 Rc7 45. Rxf6 Qxf6 46. Qxc7 Qf1+ 0-1

[Event "Belgrade-chT"]
[Site "Belgrade"]
[Date "2016.10.22"]
[Round "13.3"]
[White "Budimir, Dragan"]
[Black "Djurasinov, Branislav"]
[Result "1-0"]
[WhiteElo "2165"]
[BlackElo "2175"]
[PlyCount "129"]
[EventDate "2016.10.08"]
[EventType "team-tourn"]
[EventRounds "13"]
[EventCountry "SRB"]
[SourceTitle "CBM 175 Extra"]
[Source "ChessBase"]
[SourceDate "2016.12.12"]
[SourceVersion "1"]
[SourceVersionDate "2016.12.12"]
[SourceQuality "1"]
[WhiteTeam "Belgrade Radnicki"]
[BlackTeam "Cyril i Metodije"]
[WhiteTeamCountry "SRB"]
[BlackTeamCountry "SRB"]

1. e4 g6 2. d4 Bg7 3. Nc3 d6 4. Bg5 c5 5. dxc5 Qa5 6. Qd2 Qxc5 7. Nf3 Bg4 8. Be3 Qa5 9. Nd4 a6 10. Nb3 Qd8 11. f3 Bd7 12. Nd5 Nc6 13. Bb6 Qc8 14. Nc7+ Kf8 15. Nxa8 Qxa8 16. 0-0-0 h5 17. Kb1 Nf6 18. h4 Bh6 19. Be3 Bxe3 20. Qxe3 b5 21. Be2 Kg7 22. f4 Ng4 23. Bxg4 Bxg4 24. Rd2 f6 25. Nd4 Rc8 26. Nxc6 Qxc6 27. e5 fxe5 28. fxe5 Bf5 29. Rc1 d5 30. Ka1 e6 31. Qg5 b4 32. Qe7+ Kh6 33. Qxb4 a5 34. Qxa5 Ra8 35. Qb4 Ra4 36. Qf8+ Kh7 37. a3 Ra8 38. Qe7+ Kh6 39. Rd4 Qb6 40. Qg5+ Kh7 41. Qd2 Qc5 42. Rb4 Qe7 43. Qd4 Be4 44. g3 Bf5 45. Rb6 Ra7 46. Qb4 Qg7 47. Qd4 Qh6 48. Qf4 Qf8 49. Qe3 Qe7 50. Rb8 Qc7 51. Qb6 Qg7 52. Qd8 Qxe5 53. Qg8+ Kh6 54. Qh8+ Qxh8 55. Rxh8+ Kg7 56. Rb8 e5 57. Ka2 d4 58. b4 Rd7 59. Kb2 e4 60. b5 Kf6 61. a4 e3 62. a5 Bxc2 63. Kxc2 d3+ 64. Kd1 d2 65. Ra1 1-0

[Event "Belgrade-chT"]
[Site "Belgrade"]
[Date "2016.10.15"]
[Round "7.2"]
[White "Peovic, Milos"]
[Black "Budimir, Dragan"]
[Result "0-1"]
[WhiteElo "2167"]
[BlackElo "2165"]
[PlyCount "92"]
[EventDate "2016.10.08"]
[EventType "team-tourn"]
[EventRounds "13"]
[EventCountry "SRB"]
[SourceTitle "CBM 175 Extra"]
[Source "ChessBase"]
[SourceDate "2016.12.12"]
[SourceVersion "1"]
[SourceVersionDate "2016.12.12"]
[SourceQuality "1"]
[WhiteTeam "Belgrade Sigurnost"]
[BlackTeam "Belgrade Radnicki"]
[WhiteTeamCountry "SRB"]
[BlackTeamCountry "SRB"]

1. e4 d6 2. d4 Nf6 3. Nd2 e5 4. c3 Be7 5. Ngf3 Nc6 6. Bb5 Bd7 7. 0-0 0-0 8. Re1 exd4 9. cxd4 a6 10. Bf1 h6 11. Qb3 Rb8 12. d5 Ne5 13. Nd4 Ng6 14. g3 c5 15. Nf5 b5 16. Bg2 c4 17. Qc2 Bxf5 18. exf5 Ne5 19. Nf1 Nd3 20. Re2 Re8 21. Bd2 Nd7 22. b3 Bf6 23. Rxe8+ Qxe8 24. Bc3 Bxc3 25. Qxc3 Qe2 26. Qd4 Rc8 27. bxc4 bxc4 28. Qe3 Qb2 29. Rd1 Qxa2 30. Rd2 Qa1 31. Rc2 Nf6 32. h3 Nb4 33. Rc1 Qb2 34. Qd2 Qxd2 35. Nxd2 c3 36. Ne4 Nxe4 37. Bxe4 Rc4 38. f3 Kf8 39. Kf1 Ke7 40. Ke2 a5 41. Ra1 Rc5 42. Rc1 Kf6 43. g4 Ke5 44. h4 Nxd5 45. Bxd5 Kxd5 46. f4 Ke4 0-1

[Event "Belgrade-chT"]
[Site "Belgrade"]
[Date "2016.10.12"]
[Round "5.3"]
[White "Bilbija, Zoran"]
[Black "Budimir, Dragan"]
[Result "0-1"]
[WhiteElo "2098"]
[BlackElo "2165"]
[PlyCount "94"]
[EventDate "2016.10.08"]
[EventType "team-tourn"]
[EventRounds "13"]
[EventCountry "SRB"]
[SourceTitle "EXT 2017"]
[Source "ChessBase"]
[SourceDate "2016.10.25"]
[SourceVersion "1"]
[SourceVersionDate "2016.10.25"]
[SourceQuality "1"]
[WhiteTeam "Grocka"]
[BlackTeam "Belgrade Radnicki"]
[WhiteTeamCountry "SRB"]
[BlackTeamCountry "SRB"]

1. d4 Nc6 2. Nf3 d6 3. Bf4 Nf6 4. c3 g6 5. Nbd2 Bg7 6. e4 0-0 7. h3 Nd7 8. Bg5 f6 9. Bh4 e5 10. Bc4+ Kh8 11. 0-0 Qe8 12. Re1 Nb6 13. Bb3 g5 14. Bg3 h5 15. d5 Ne7 16. Nf1 Qg6 17. h4 g4 18. N3d2 f5 19. exf5 Bxf5 20. Ne3 Bd3 21. a4 a5 22. Ndf1 Bh6 23. c4 Nd7 24. Bc2 Bxc2 25. Nxc2 Rf7 26. Na3 Nf5 27. Nb5 Nc5 28. Ra3 Re8 29. Qc2 Nxh4 30. Qc3 Nf5 31. Qxa5 h4 32. Bh2 b6 33. Qc3 Ng7 34. Re2 g3 35. Bxg3 hxg3 36. Nxg3 Bf4 37. Nf1 Nf5 38. Qf3 Rh7 39. b4 Na6 40. Qe4 Rg8 41. a5 bxa5 42. Rxa5 Qh5 43. g3 Nxb4 44. Ra7 Bxg3 45. fxg3 Nxg3 46. Nxg3 Rxg3+ 47. Kf2 Nd3+ 0-1

[Event "Belgrade-chT"]
[Site "Belgrade"]
[Date "2016.10.10"]
[Round "3.4"]
[White "Stojanovic, Sasa M"]
[Black "Budimir, Dragan"]
[Result "0-1"]
[WhiteElo "2065"]
[BlackElo "2165"]
[PlyCount "68"]
[EventDate "2016.10.08"]
[EventType "team-tourn"]
[EventRounds "13"]
[EventCountry "SRB"]
[SourceTitle "EXT 2017"]
[Source "ChessBase"]
[SourceDate "2016.10.25"]
[SourceVersion "1"]
[SourceVersionDate "2016.10.25"]
[SourceQuality "1"]
[WhiteTeam "Politika"]
[BlackTeam "Belgrade Radnicki"]
[WhiteTeamCountry "SRB"]
[BlackTeamCountry "SRB"]

1. e4 Nc6 2. Nf3 d6 3. d4 Nf6 4. Nc3 Bg4 5. Be3 e6 6. h3 Bh5 7. Be2 Be7 8. 0-0 0-0 9. Re1 Bg6 10. Nd2 d5 11. e5 Nd7 12. a3 Ndxe5 13. dxe5 d4 14. Bf4 dxc3 15. bxc3 Bg5 16. Bxg5 Qxg5 17. Nf3 Qf4 18. Qb1 Rab8 19. Bd3 Rfd8 20. Re3 Rd5 21. Qe1 Rbd8 22. Rb1 b6 23. Qe2 Bh5 24. g4 Bg6 25. Kg2 Bxd3 26. cxd3 Qa4 27. d4 Na5 28. Nd2 c5 29. Nf3 Nc6 30. dxc5 Rxc5 31. Re4 Qxa3 32. Nd4 Qxc3 33. Nb5 Qd3 34. Qe1 Rxb5 0-1

[Event "Belgrade Jezero op"]
[Site "Belgrade"]
[Date "2016.08.14"]
[Round "8"]
[White "Klasan, Vladimir"]
[Black "Budimir, Dragan"]
[Result "1-0"]
[WhiteElo "2398"]
[BlackElo "2181"]
[PlyCount "103"]
[EventDate "2016.08.07"]
[EventType "swiss"]
[EventRounds "9"]
[EventCountry "SRB"]
[SourceTitle "EXT 2017"]
[Source "ChessBase"]
[SourceDate "2016.10.25"]
[SourceVersion "1"]
[SourceVersionDate "2016.10.25"]
[SourceQuality "1"]

1. e4 d6 2. Bc4 Nf6 3. d3 g6 4. Nf3 Bg7 5. Bb3 0-0 6. 0-0 Nc6 7. c3 e5 8. Re1 d5 9. Nbd2 dxe4 10. dxe4 Qe7 11. Qe2 a6 12. Nf1 Be6 13. Bc2 h6 14. Ne3 Rfd8 15. b4 Ng4 16. a4 Na7 17. Nc4 Nc6 18. a5 Na7 19. h3 Bxc4 20. Qxc4 Nf6 21. Be3 Nb5 22. Qb3 Nd7 23. Rad1 Nf8 24. Qb2 Ne6 25. Bb3 Rxd1 26. Rxd1 Rd8 27. Rxd8+ Nxd8 28. Qd2 Kh7 29. Bc5 Nd6 30. Bd5 Qf6 31. Qd3 Nb5 32. Bc4 Nd6 33. Bb3 Nc6 34. Bxd6 cxd6 35. Bd5 Nd8 36. Bxb7 Nxb7 37. Qxa6 Nc5 38. bxc5 Qf4 39. Qd3 dxc5 40. a6 Qc1+ 41. Kh2 c4 42. Qxc4 Qf4+ 43. Kh1 Qc1+ 44. Ng1 Qa1 45. Kh2 Kg8 46. Nf3 Bf6 47. Qc6 Kg7 48. Qb7 Qc1 49. a7 Bg5 50. a8Q Bf4+ 51. g3 Qf1 52. Qaa7 1-0

[Event "Belgrade Cup 16th"]
[Site "Belgrade"]
[Date "2016.05.13"]
[Round "5.4"]
[White "Budimir, Dragan"]
[Black "Kostic, Milutin B"]
[Result "1-0"]
[WhiteElo "2172"]
[BlackElo "2184"]
[PlyCount "81"]
[EventDate "2016.05.09"]
[EventType "team-swiss"]
[EventRounds "5"]
[EventCountry "SRB"]
[SourceTitle "CBM 172 Extra"]
[Source "ChessBase"]
[SourceDate "2016.06.21"]
[SourceVersion "1"]
[SourceVersionDate "2016.06.21"]
[SourceQuality "1"]
[WhiteTeam "Belgrade Radnicki"]
[BlackTeam "Romanticari"]
[WhiteTeamCountry "SRB"]
[BlackTeamCountry "SRB"]

1. Nc3 d5 2. e4 c6 3. d4 dxe4 4. Nxe4 Nd7 5. Nf3 Ngf6 6. Ng3 Nb6 7. Bd3 Bg4 8. c3 e6 9. h3 Bxf3 10. Qxf3 Qd5 11. Ne4 Nxe4 12. Bxe4 Qd7 13. 0-0 Be7 14. a4 a5 15. Rd1 0-0 16. Bc2 Nd5 17. c4 Nb4 18. Bb1 Rad8 19. Be3 Bf6 20. Be4 Qe7 21. Qh5 g6 22. Qxa5 Ra8 23. Qc5 Qxc5 24. dxc5 Bxb2 25. Rab1 Ba3 26. Rb3 f5 27. Bh6 Rad8 28. Rxd8 Rxd8 29. Rxa3 fxe4 30. Rb3 Nd3 31. Rxb7 Nxc5 32. Rc7 Nxa4 33. Rxc6 Kf7 34. Rc7+ Kf6 35. Ra7 Nb6 36. Bg7+ Kg5 37. Ra5+ e5 38. Rxe5+ Kf4 39. Rb5 Rd1+ 40. Kh2 e3 41. fxe3+ 1-0

[Event "Belgrade-ch"]
[Site "Belgrade"]
[Date "2016.01.27"]
[Round "5"]
[White "Cetkovic, Miodrag"]
[Black "Budimir, Dragan"]
[Result "1-0"]
[WhiteElo "2114"]
[BlackElo "2157"]
[PlyCount "57"]
[EventDate "2016.01.23"]
[EventType "swiss"]
[EventRounds "9"]
[EventCountry "SRB"]
[SourceTitle "EXT 2017"]
[Source "ChessBase"]
[SourceDate "2016.10.25"]
[SourceVersion "1"]
[SourceVersionDate "2016.10.25"]
[SourceQuality "1"]

1. e4 Nc6 2. d4 e5 3. Nf3 exd4 4. c3 d3 5. Bxd3 d6 6. Nd4 Nf6 7. f4 Be7 8. Nd2 0-0 9. 0-0 Nxd4 10. cxd4 c6 11. Qc2 Qb6 12. Nf3 h6 13. Kh1 Bg4 14. Be3 Bxf3 15. gxf3 Qa5 16. f5 Nh7 17. Rg1 Bg5 18. Qg2 Kh8 19. f4 Bf6 20. e5 dxe5 21. dxe5 Bxe5 22. fxe5 Qxe5 23. f6 g5 24. Rae1 Nxf6 25. Rgf1 Kg7 26. Rf5 Qd6 27. Bxg5 hxg5 28. Qxg5+ Kh8 29. Qh6+ 1-0

[Event "Belgrade Trophy 29th"]
[Site "Belgrade"]
[Date "2015.11.30"]
[Round "7"]
[White "Budimir, Dragan"]
[Black "Grcic, Vukasin"]
[Result "1-0"]
[WhiteElo "2157"]
[BlackElo "1964"]
[PlyCount "47"]
[EventDate "2015.11.24"]
[EventType "swiss"]
[EventRounds "9"]
[EventCountry "SRB"]
[SourceTitle "CBM 170 Extra"]
[Source "ChessBase"]
[SourceDate "2016.02.25"]
[SourceVersion "1"]
[SourceVersionDate "2016.02.25"]
[SourceQuality "1"]

1. e4 c5 2. c3 d5 3. exd5 Qxd5 4. d4 Nc6 5. Nf3 Bf5 6. Be3 Nf6 7. Nbd2 cxd4 8. Nxd4 Nxd4 9. Bxd4 e5 10. Qe2 Bd6 11. Qb5+ Bd7 12. Qxd5 Nxd5 13. Nc4 exd4 14. Nxd6+ Ke7 15. Nxb7 dxc3 16. bxc3 Nxc3 17. Ba6 Rhc8 18. 0-0 Rc6 19. Rfe1+ Be6 20. Bf1 Kf8 21. Na5 Rc7 22. Re3 Rb8 23. Bc4 Nd5 24. Ree1 1-0

[Event "Belgrade-chT"]
[Site "Belgrade"]
[Date "2015.09.28"]
[Round "7.2"]
[White "Budimir, Dragan"]
[Black "Carnic, Dejan"]
[Result "1-0"]
[WhiteElo "2142"]
[BlackElo "2094"]
[PlyCount "47"]
[EventDate "2015.09.21"]
[EventType "team-tourn"]
[EventRounds "9"]
[EventCountry "SRB"]
[SourceTitle "CBM 168 Extra"]
[Source "ChessBase"]
[SourceDate "2015.10.29"]
[SourceVersion "1"]
[SourceVersionDate "2015.10.29"]
[SourceQuality "1"]
[WhiteTeam "Belgrade Radnicki"]
[BlackTeam "Belgrade Sigurnost"]
[WhiteTeamCountry "SRB"]
[BlackTeamCountry "SRB"]

1. e4 e5 2. Bc4 c6 3. Nc3 Nf6 4. Nf3 d5 5. exd5 e4 6. Ne5 cxd5 7. Bb5+ Nbd7 8. Nxd7 Bxd7 9. Bxd7+ Qxd7 10. 0-0 Bd6 11. f3 0-0 12. d3 Qc7 13. fxe4 Bxh2+ 14. Kh1 dxe4 15. Rxf6 gxf6 16. Bh6 f5 17. Qh5 Bf4 18. Nd5 Qd6 19. Nxf4 Kh8 20. dxe4 Rg8 21. exf5 Qc6 22. Qh4 Rad8 23. Rg1 Rd6 24. Ne6 1-0

[Event "Belgrade Jezero op"]
[Site "Belgrade"]
[Date "2015.08.10"]
[Round "3"]
[White "Budimir, Dragan"]
[Black "Klasan, Vladimir"]
[Result "0-1"]
[WhiteElo "2172"]
[BlackElo "2403"]
[PlyCount "42"]
[EventDate "2015.08.08"]
[EventType "swiss"]
[EventRounds "9"]
[EventCountry "SRB"]
[SourceTitle "EXT 2016"]
[Source "ChessBase"]
[SourceDate "2015.10.08"]
[SourceVersion "1"]
[SourceVersionDate "2015.10.08"]
[SourceQuality "1"]

1. e4 c6 2. Nc3 d5 3. Nf3 dxe4 4. Nxe4 Nf6 5. Nxf6+ exf6 6. d4 Bd6 7. Bd3 0-0 8. h3 Re8+ 9. Be3 Bf4 10. Qd2 Qe7 11. Ke2 Na6 12. Rhe1 Bd6 13. Kf1 Be6 14. c3 Nc7 15. Qc2 g6 16. Nd2 f5 17. Nc4 f4 18. Nxd6 Qxd6 19. Bd2 f3 20. g3 Bxh3+ 21. Kg1 Qd7 0-1